| 000 | 00735nam a2200229Ia 4500 | ||
|---|---|---|---|
| 003 | BUBTL | ||
| 008 | 151213s9999 xx 000 0 und d | ||
| 020 | _a978-0471-98019-3 | ||
| 082 |
_a657.48 _bWEA |
||
| 100 | _aJerry J. Wiygandt, Donald E., Kieso & Paul .D. Kimmel | ||
| 245 |
_aAccounting Principles _cJerry J. Wiygandt, Donald E., Kieso & Paul .D. Kimmel |
||
| 250 | _a8th | ||
| 260 |
_aU.S.A _bJohn Wiley & Sons _c2008 |
||
| 300 |
_a[xxix] , 1172p . : _bill , 24cm . _cAccounting . |
||
| 500 | _aIncludes Index . | ||
| 650 | _aAccounting | ||
| 650 | _aAccounting | ||
| 700 | _aJerry J. Wiygandt, Donald E., Kieso & Paul .D. Kimmel | ||
| 856 |
_k0 _l0 _yDownload |
||
| 942 |
_2ddc _cBK |
||
| 999 |
_c3287 _d3287 |
||